000 00373nam a2200133Ia 4500
008 210210b1986 xxu||||| |||| 00| 0 eng d
082 _a954.87 SHAH
100 _aSHANTAKUMARI (S Leela).
245 _aHistory of the agraharas karnataka, 400-1300.
260 _aMadras.
_bNew Era Publications.,
_c1986
300 _aviii,178
690 _aKarnataka History
906 _a043116
999 _c92786
_d92786